Pink Tape - Lil Uzi Vert - Statistics

General Stats
  • This quiz has been taken 213 times
  • The average score is 17 of 26
Answer Stats
S. No Answer % Correct
1 Flooded The Face
88%
2 Suicide Doors
85%
23 The End
81%
6 x2
81%
3 Aye
80%
24 Zoom
76%
18 Werewolf
74%
14 Nakamura
71%
17 CS
70%
20 Patience
69%
26 Shardai
69%
4 Crush Em
66%
5 Amped
65%
25 Of Course
65%
19 Pluto to Mars
65%
11 Endless Fashion
63%
15 Just Wanna Rock
63%
16 Fire Alarm
61%
22 Rehab
61%
8 Spin Again
55%
7 Died and Came Back
54%
13 All Alone
53%
21 Days Come and Go
52%
9 That Fiya
51%
10 I Gotta
50%
12 Mama, I'm Sorry | Mama Im Sorry
50%
No matching quizzes found
Score Distribution
Percent of People with Each Score
Percentile by Number Answered
Your Score History
You have not taken this quiz